[Event "Belgrade-chT Quality"]
[Site "Belgrade"]
[Date "2019.10.12"]
[Round "3.6"]
[White "Zlatkovic, Mile"]
[Black "Babin, Aleksandar"]
[Result "0-1"]
[WhiteElo "2116"]
[BlackElo "1966"]
[PlyCount "72"]
[EventDate "2019.10.05"]
[EventType "team-tourn"]
[EventRounds "11"]
[EventCountry "SRB"]
[SourceTitle "EXT 2022"]
[Source "ChessBase"]
[SourceDate "2021.10.06"]
[SourceVersion "1"]
[SourceVersionDate "2021.10.06"]
[SourceQuality "1"]
[WhiteTeam "Belgrade Politika"]
[BlackTeam "Belgrade Tehnicka Skola"]
[WhiteTeamCountry "SRB"]
[BlackTeamCountry "SRB"]

1. e4 e5 2. Nc3 Nf6 3. g3 d5 4. exd5 Nxd5 5. Bg2 Nxc3 6. bxc3 Bd6 7. Ne2 c6 8. h3 Be6 9. 0-0 Bd5 10. d4 Bxg2 11. Kxg2 Qa5 12. f4 exf4 13. Bxf4 Bxf4 14. Rxf4 0-0 15. Qd3 Nd7 16. Rf5 Qa3 17. Rb1 Nb6 18. Nf4 Qxa2 19. Rf1 Rae8 20. Rg5 f5 21. Rxf5 Nd5 22. Nxd5 Rxf5 23. Rxf5 cxd5 24. Rf2 Qa4 25. Qf5 h6 26. Qxd5+ Kh8 27. Qxb7 Qc4 28. Qb3 Qc7 29. c4 Qe7 30. Qd3 a5 31. d5 Qc5 32. d6 Rd8 33. d7 a4 34. Re2 Qc6+ 35. Kh2 a3 36. Qxa3 Qxd7 0-1

[Event "Belgrade-chT"]
[Site "Belgrade"]
[Date "2016.10.22"]
[Round "13.6"]
[White "Maksimovic, Miroslav"]
[Black "Zlatkovic, Mile"]
[Result "1/2-1/2"]
[WhiteElo "2236"]
[BlackElo "2121"]
[PlyCount "83"]
[EventDate "2016.10.08"]
[EventType "team-tourn"]
[EventRounds "13"]
[EventCountry "SRB"]
[SourceTitle "CBM 175 Extra"]
[Source "ChessBase"]
[SourceDate "2016.12.12"]
[SourceVersion "1"]
[SourceVersionDate "2016.12.12"]
[SourceQuality "1"]
[WhiteTeam "Belgrade Vodovod"]
[BlackTeam "Politika"]
[WhiteTeamCountry "SRB"]
[BlackTeamCountry "SRB"]

1. e4 c6 2. d4 d5 3. exd5 cxd5 4. Bd3 Nf6 5. c3 g6 6. Nf3 Bg7 7. 0-0 0-0 8. Bf4 Nc6 9. Re1 Re8 10. Nbd2 Bg4 11. h3 Bxf3 12. Nxf3 e6 13. Qd2 a6 14. Ne5 Nxe5 15. Bxe5 Rc8 16. Re2 Nd7 17. Bxg7 Kxg7 18. Rae1 Nb6 19. Qf4 Qc7 20. Qg5 Qd8 21. Qe5+ Qf6 22. Qg3 Qd8 23. h4 Qc7 24. Qg5 Nd7 25. h5 h6 26. Qd2 g5 27. Bb1 Nf6 28. Qd3 Qd6 29. g3 Re7 30. Re5 Rg8 31. Qf3 Ree8 32. R5e2 Re7 33. Re5 Ree8 34. R5e2 Re7 35. Qg2 Rge8 36. Re5 Rg8 37. R5e2 Ree8 38. Bc2 Re7 39. Re5 Ree8 40. R5e2 Re7 41. Re5 Ree8 42. R5e2 1/2-1/2

[Event "Belgrade Cup 16th"]
[Site "Belgrade"]
[Date "2016.05.09"]
[Round "1.4"]
[White "Soskic, Bozidar"]
[Black "Zlatkovic, Mile"]
[Result "1/2-1/2"]
[WhiteElo "2088"]
[BlackElo "2122"]
[PlyCount "65"]
[EventDate "2016.05.09"]
[EventType "team-swiss"]
[EventRounds "5"]
[EventCountry "SRB"]
[SourceTitle "CBM 172 Extra"]
[Source "ChessBase"]
[SourceDate "2016.06.21"]
[SourceVersion "1"]
[SourceVersionDate "2016.06.21"]
[SourceQuality "1"]
[WhiteTeam "Belgrade Partizan"]
[BlackTeam "Politika"]
[WhiteTeamCountry "SRB"]
[BlackTeamCountry "SRB"]

1. c4 c6 2. g3 d5 3. Bg2 Nf6 4. b3 g6 5. Bb2 Bg7 6. Nf3 0-0 7. 0-0 Re8 8. d3 b6 9. Nc3 Bb7 10. cxd5 cxd5 11. Rc1 Nc6 12. d4 Rc8 13. Ne5 e6 14. Nxc6 Bxc6 15. Qd3 Bb7 16. Rc2 Re7 17. Rfc1 Rec7 18. Nb5 Rxc2 19. Rxc2 Rxc2 20. Qxc2 a6 21. Nc3 Qc7 22. Qd3 b5 23. Ba3 Bf8 24. Bxf8 Kxf8 25. e3 Bc6 26. Ne2 Qa5 27. Qc3 Qxc3 28. Nxc3 b4 29. Nb1 Bb5 30. f3 Bd3 31. Nd2 Ke7 32. Bf1 Bxf1 33. Kxf1 1/2-1/2

[Event "Belgrade-chT"]
[Site "Belgrade"]
[Date "2015.09.26"]
[Round "5.4"]
[White "Ivic, Lazar"]
[Black "Zlatkovic, Mile"]
[Result "0-1"]
[WhiteElo "1665"]
[BlackElo "2115"]
[PlyCount "124"]
[EventDate "2015.09.21"]
[EventType "team-tourn"]
[EventRounds "9"]
[EventCountry "SRB"]
[SourceTitle "CBM 168 Extra"]
[Source "ChessBase"]
[SourceDate "2015.10.29"]
[SourceVersion "1"]
[SourceVersionDate "2015.10.29"]
[SourceQuality "1"]
[WhiteTeam "Romanticari"]
[BlackTeam "Politika"]
[WhiteTeamCountry "SRB"]
[BlackTeamCountry "SRB"]

1. e4 c6 2. d4 d5 3. exd5 cxd5 4. Bd3 Nc6 5. c3 Nf6 6. h3 g6 7. Bf4 Bg7 8. Nf3 0-0 9. 0-0 Re8 10. Re1 a6 11. Nbd2 e6 12. Nb3 b6 13. Rc1 Bb7 14. Qc2 Rc8 15. Qe2 Ra8 16. Qc2 Nd7 17. Re2 Rc8 18. Qb1 b5 19. a3 Bf6 20. Bg3 Be7 21. h4 Nf6 22. Ng5 Bd6 23. Bxd6 Qxd6 24. Nc5 Rc7 25. Nf3 Qf4 26. Rce1 Bc8 27. Qc1 Qxc1 28. Rxc1 Kg7 29. Ree1 Ng4 30. Rcd1 e5 31. dxe5 Ncxe5 32. Nxe5 Rxe5 33. Nb3 Rce7 34. Rxe5 Nxe5 35. Bc2 Nc4 36. Rxd5 Nxb2 37. Rc5 Be6 38. Rc6 Bc4 39. Na5 Re1+ 40. Kh2 Re2 41. Nxc4 bxc4 42. Bb1 Rxf2 43. Rxa6 Nd1 44. Rb6 Nxc3 45. Rb4 Rf1 46. Bc2 Rc1 47. Rb2 Ra1 48. a4 Nd5 49. Rb1 Ra2 50. Be4 Nc3 51. Re1 Nxe4 52. Rxe4 Rxa4 53. g4 h6 54. Kg3 Ra3+ 55. Kg2 Rc3 56. Kf2 f5 57. gxf5 gxf5 58. Re3 Rxe3 59. Kxe3 Kg6 60. Kd4 Kh5 61. Kxc4 Kxh4 62. Kd4 Kg3 0-1

[Event "Belgrade tt Cup"]
[Site "Belgrade"]
[Date "2015.04.25"]
[Round "5.3"]
[White "Zlatkovic, Mile"]
[Black "Bojanic, Denis"]
[Result "1/2-1/2"]
[WhiteElo "2114"]
[BlackElo "2010"]
[PlyCount "98"]
[EventDate "2015.04.20"]
[EventType "team-swiss"]
[EventRounds "5"]
[EventCountry "SRB"]
[SourceTitle "CBM 166 Extra"]
[Source "ChessBase"]
[SourceDate "2015.06.18"]
[SourceVersion "1"]
[SourceVersionDate "2015.06.18"]
[SourceQuality "1"]
[WhiteTeam "Politika"]
[BlackTeam "Vidikovac"]
[WhiteTeamCountry "SRB"]
[BlackTeamCountry "SRB"]

1. e4 e6 2. Nc3 d5 3. d3 c5 4. g3 Nf6 5. e5 Nfd7 6. f4 Nc6 7. Nf3 a6 8. a4 Be7 9. Bg2 Qc7 10. 0-0 b6 11. h3 Bb7 12. Ne2 f6 13. exf6 Bxf6 14. c3 0-0 15. Bd2 b5 16. axb5 axb5 17. Qc2 Qd6 18. Nh2 g6 19. Nf3 b4 20. Rfe1 Ba6 21. Kh2 e5 22. fxe5 Ndxe5 23. Nxe5 Nxe5 24. Nf4 Kh8 25. cxb4 cxb4 26. Qb3 Rab8 27. Qxd5 Qb6 28. Rxe5 Bb7 29. Qc5 Bxg2 30. Nxg2 Bxe5 31. Qxe5+ Qf6 32. d4 Qxe5 33. dxe5 Rf2 34. Be3 Rxb2 35. e6 Re2 36. Ra7 Kg8 37. Bd4 Rxe6 38. Rg7+ Kf8 39. Rxh7 Rb5 40. Rc7 b3 41. Nf4 Ra6 42. h4 b2 43. Bxb2 Rxb2+ 44. Kh3 Rb3 45. Kg4 Kg8 46. h5 gxh5+ 47. Nxh5 Rg6+ 48. Kf5 Rgxg3 49. Nxg3 Rxg3 1/2-1/2

[Event "Belgrade-chT"]
[Site "Belgrade"]
[Date "2014.09.28"]
[Round "9.6"]
[White "Zlatkovic, Mile"]
[Black "Vujadinovic, Milan"]
[Result "0-1"]
[WhiteElo "2102"]
[BlackElo "2169"]
[PlyCount "150"]
[EventDate "2014.09.20"]
[EventType "team-tourn"]
[EventRounds "11"]
[EventCountry "SRB"]
[SourceTitle "CBM 162 Extra"]
[Source "ChessBase"]
[SourceDate "2014.10.17"]
[SourceVersion "1"]
[SourceVersionDate "2014.10.17"]
[SourceQuality "1"]
[WhiteTeam "Politika"]
[BlackTeam "Belgrade PTT"]
[WhiteTeamCountry "SRB"]
[BlackTeamCountry "SRB"]

1. e4 g6 2. Nc3 Bg7 3. g3 d6 4. Bg2 e5 5. d3 Nc6 6. Nge2 Nge7 7. 0-0 0-0 8. Be3 Nd4 9. Qd2 c5 10. Nd1 Rb8 11. c3 Nxe2+ 12. Qxe2 b5 13. f4 b4 14. c4 f5 15. fxe5 Bxe5 16. Bh6 Bg7 17. Bxg7 Kxg7 18. Ne3 Nc6 19. exf5 Nd4 20. Qd2 Bxf5 21. Rf2 Be6 22. Raf1 Qd7 23. Nc2 Nxc2 24. Qxc2 Rxf2 25. Qxf2 Qe7 26. Qe3 Re8 27. Re1 Qf6 28. Qf2 Qxf2+ 29. Kxf2 Bd7 30. Rxe8 Bxe8 31. Bd5 Kf6 32. Ke3 Ke5 33. Bf3 h6 34. Bd1 a5 35. Bc2 g5 36. Bd1 Bc6 37. b3 d5 38. cxd5 Bxd5 39. Bc2 a4 40. Bd1 axb3 41. axb3 Be6 42. h4 Bd5 43. hxg5 hxg5 44. Bc2 Bf7 45. Bd1 Be6 46. Bc2 Bg4 47. Kd2 Kd4 48. Bb1 Be6 49. Bc2 Bf5 50. Bb1 c4 51. bxc4 b3 52. c5 Bd7 53. Ke2 Bg4+ 54. Kd2 Bf3 55. Ke1 Ke3 56. d4 Kxd4 57. Kd2 Kxc5 58. Kc3 Bd5 59. Bf5 Kd6 60. Kd4 Bf7 61. Bd3 Ke6 62. Kc3 Ke5 63. Bb1 Be6 64. Bg6 Bf5 65. Be8 Bc2 66. Bc6 Kf5 67. Bf3 Be4 68. Be2 Bd5 69. Kd4 Bf7 70. Bd1 Kf6 71. Kc3 Ke5 72. Bf3 Bd5 73. Bg4 Ke4 74. Bd1 Ke3 75. g4 Be6 0-1

[Event "Belgrade-chT"]
[Site "Belgrade"]
[Date "2014.09.24"]
[Round "5.4"]
[White "Kostic, Milutin B"]
[Black "Zlatkovic, Mile"]
[Result "1-0"]
[WhiteElo "2222"]
[BlackElo "2102"]
[PlyCount "100"]
[EventDate "2014.09.20"]
[EventType "team-tourn"]
[EventRounds "11"]
[EventCountry "SRB"]
[SourceTitle "CBM 162 Extra"]
[Source "ChessBase"]
[SourceDate "2014.10.17"]
[SourceVersion "1"]
[SourceVersionDate "2014.10.17"]
[SourceQuality "1"]
[WhiteTeam "Romanticari"]
[BlackTeam "Politika"]
[WhiteTeamCountry "SRB"]
[BlackTeamCountry "SRB"]

1. d4 c6 2. c4 d5 3. Nf3 Nf6 4. Qb3 e6 5. Nc3 Be7 6. g3 0-0 7. Bg2 Nbd7 8. 0-0 Qb6 9. Bf4 dxc4 10. Qc2 Nd5 11. Bg5 Qd8 12. Ne4 N7b6 13. Rfd1 h6 14. Bxe7 Qxe7 15. Ne5 Rd8 16. Nc5 Rb8 17. Nxc4 Nxc4 18. Qxc4 b6 19. Nd3 Bb7 20. Rac1 Rbc8 21. Qa4 a5 22. a3 Qc7 23. b4 axb4 24. axb4 Ra8 25. Qb3 Qd6 26. e4 Ne7 27. Nb2 Ba6 28. Na4 Qb8 29. Nc3 Ra7 30. Rd2 Rad7 31. Rcd1 Bb7 32. h3 g6 33. Qc4 Kg7 34. e5 Nd5 35. Ne4 Qc7 36. Ra1 Ra8 37. Rda2 Rxa2 38. Rxa2 Qb8 39. Nd6 Re7 40. Ra1 h5 41. Rc1 Qa8 42. Nxb7 Qxb7 43. Qxc6 Qxc6 44. Rxc6 Rd7 45. b5 h4 46. Bf3 hxg3 47. fxg3 Kf8 48. Kf2 Nb4 49. Rxb6 Rxd4 50. Rb8+ Ke7 1-0

[Event "Belgrade-chT"]
[Site "Belgrade"]
[Date "2014.09.22"]
[Round "3.3"]
[White "Zlatkovic, Mile"]
[Black "Isic, Kosta"]
[Result "1-0"]
[WhiteElo "2102"]
[BlackElo "1723"]
[PlyCount "37"]
[EventDate "2014.09.20"]
[EventType "team-tourn"]
[EventRounds "11"]
[EventCountry "SRB"]
[SourceTitle "CBM 162 Extra"]
[Source "ChessBase"]
[SourceDate "2014.10.17"]
[SourceVersion "1"]
[SourceVersionDate "2014.10.17"]
[SourceQuality "1"]
[WhiteTeam "Politika"]
[BlackTeam "GSP Polet"]
[WhiteTeamCountry "SRB"]
[BlackTeamCountry "SRB"]

1. e4 e6 2. Nc3 d5 3. d3 Nf6 4. e5 Nfd7 5. f4 c5 6. Nf3 Nc6 7. g3 a6 8. a4 Be7 9. Bg2 b6 10. 0-0 Bb7 11. h3 Qc7 12. Ne2 h6 13. c3 0-0-0 14. d4 Kb8 15. Be3 c4 16. Nd2 Na5 17. f5 Rdf8 18. Qc2 Ka7 19. Kh2 1-0

[Event "Belgrade-chT"]
[Site "Belgrade"]
[Date "2014.05.08"]
[Round "3"]
[White "Zlatkovic, Mile"]
[Black "Sarenac, David"]
[Result "0-1"]
[WhiteElo "2115"]
[BlackElo "2296"]
[PlyCount "122"]
[EventDate "2014.05.05"]
[EventType "swiss"]
[EventRounds "5"]
[EventCountry "SRB"]
[SourceTitle "CBM 160 Extra"]
[Source "ChessBase"]
[SourceDate "2014.07.01"]
[SourceVersion "1"]
[SourceVersionDate "2014.07.01"]
[SourceQuality "1"]

1. e4 d5 2. Nc3 dxe4 3. Nxe4 Qd5 4. d3 Bf5 5. Ng3 Bg6 6. N1e2 e5 7. Nc3 Bb4 8. Bd2 Bxc3 9. Bxc3 Nc6 10. h4 h5 11. Be2 Nd4 12. Bf3 Nxf3+ 13. Qxf3 Qxf3 14. gxf3 f6 15. 0-0-0 Rd8 16. f4 exf4 17. Ne2 f3 18. Nd4 Kf7 19. Nxf3 Ne7 20. Rde1 Bf5 21. Nd4 Bd7 22. Rhg1 Ng6 23. Rh1 Rhe8 24. Ne2 Bg4 25. Ng3 Rxe1+ 26. Bxe1 Bf3 27. Rh2 Rd4 28. Ne4 Bxe4 29. Bc3 Ra4 30. b3 Rxa2 31. dxe4 Ra6 32. f3 Rc6 33. Kd2 Rd6+ 34. Ke2 c5 35. Bd2 b6 36. Be3 a5 37. Rh1 Rd7 38. f4 Ra7 39. f5 Ne5 40. Bf4 Nc6 41. c3 a4 42. bxa4 Rxa4 43. Ke3 Ra3 44. Kd2 Ra2+ 45. Ke3 Na5 46. Rb1 Nc4+ 47. Kd3 Rb2 48. Ra1 Na5 49. Bc7 c4+ 50. Ke3 Nc6 51. Ra6 Rc2 52. Rxb6 Rxc3+ 53. Kf2 Nd4 54. Rd6 Rf3+ 55. Kg2 Rd3 56. Rd7+ Kg8 57. Bb6 Nxf5 58. Rc7 Nxh4+ 59. Kf2 Rc3 60. Bd4 Rc2+ 61. Ke3 Ng6 0-1

[Event "Belgrade City-chT"]
[Site "Belgrade"]
[Date "2013.11.13"]
[Round "9"]
[White "Starcevic, Goran"]
[Black "Zlatkovic, Mile"]
[Result "1-0"]
[WhiteElo "2181"]
[BlackElo "2130"]
[PlyCount "119"]
[EventDate "2013.10.26"]
[EventType "team-tourn"]
[EventRounds "11"]
[EventCountry "SRB"]
[SourceTitle "EXT 2015"]
[Source "ChessBase"]
[SourceDate "2014.11.20"]
[SourceVersion "1"]
[SourceVersionDate "2014.11.20"]
[SourceQuality "1"]

1. d4 c6 2. c4 d5 3. Nf3 Nf6 4. Nc3 g6 5. cxd5 cxd5 6. Bg5 Bg7 7. Qb3 e6 8. e4 dxe4 9. Bb5+ Nc6 10. Nxe4 0-0 11. Bxc6 bxc6 12. 0-0 Ba6 13. Rfe1 Rb8 14. Qa3 Bc4 15. b3 Bd5 16. Qxa7 Bxe4 17. Rxe4 h6 18. Bxf6 Bxf6 19. Qc5 Qd7 20. Rc1 Rfc8 21. Qc4 Qa7 22. Re2 Qa5 23. Qc2 Kg7 24. Qe4 Rb6 25. Rc5 Qa8 26. Ne5 Ra6 27. a4 Qb7 28. Rc3 Rb6 29. Ree3 Qc7 30. a5 Ra6 31. b4 Qd6 32. Rc5 Bxe5 33. dxe5 Qd1+ 34. Re1 Qb3 35. h4 Rd8 36. Re3 Rd1+ 37. Kh2 Qb1 38. Qxb1 Rxb1 39. Re4 h5 40. Rd4 Rb2 41. Kg3 Rb1 42. f3 Rb2 43. Rdc4 Kf8 44. Kf4 Kg7 45. g4 hxg4 46. fxg4 Rb3 47. Kg5 Rb1 48. h5 gxh5 49. gxh5 Rg1+ 50. Rg4 Rf1 51. Rgc4 Rg1+ 52. Kh4 Rh1+ 53. Kg4 Rb1 54. Kg5 Rg1+ 55. Kf4 Rb1 56. Ke3 Kh6 57. Kd3 Ra8 58. Rxc6 Rb8 59. Rf4 Ra8 60. Kc2 1-0

[Event "Belgrade City-chT"]
[Site "Belgrade"]
[Date "2013.11.10"]
[Round "6"]
[White "Matovic, Sasa"]
[Black "Zlatkovic, Mile"]
[Result "1/2-1/2"]
[WhiteElo "2186"]
[BlackElo "2130"]
[PlyCount "20"]
[EventDate "2013.10.26"]
[EventType "team-tourn"]
[EventRounds "11"]
[EventCountry "SRB"]
[SourceTitle "EXT 2015"]
[Source "ChessBase"]
[SourceDate "2014.11.20"]
[SourceVersion "1"]
[SourceVersionDate "2014.11.20"]
[SourceQuality "1"]

1. d4 c6 2. Nf3 d5 3. c4 Nf6 4. Nc3 g6 5. Bf4 Bg7 6. e3 0-0 7. Be2 e6 8. 0-0 Re8 9. h3 dxc4 10. Bxc4 Nd5 1/2-1/2

[Event "Belgrade City-chT"]
[Site "Belgrade"]
[Date "2013.10.27"]
[Round "2"]
[White "Dimitrijevic, Sava"]
[Black "Zlatkovic, Mile"]
[Result "1/2-1/2"]
[WhiteElo "2023"]
[BlackElo "2130"]
[PlyCount "58"]
[EventDate "2013.10.26"]
[EventType "team-tourn"]
[EventRounds "11"]
[EventCountry "SRB"]
[SourceTitle "EXT 2015"]
[Source "ChessBase"]
[SourceDate "2014.11.20"]
[SourceVersion "1"]
[SourceVersionDate "2014.11.20"]
[SourceQuality "1"]

1. c4 c6 2. Nc3 d5 3. cxd5 cxd5 4. d4 Nf6 5. g3 g6 6. Bg2 Bg7 7. e3 0-0 8. Nge2 Nc6 9. 0-0 e6 10. Bd2 Bd7 11. a3 Rc8 12. b4 a6 13. Na4 Nb8 14. Nc5 Bc6 15. Nc3 Nbd7 16. a4 Nxc5 17. bxc5 b6 18. cxb6 Qxb6 19. Rb1 Qa7 20. a5 Rb8 21. Qc2 Rfc8 22. Rxb8 Rxb8 23. Na4 Bxa4 24. Qxa4 Ne8 25. Bb4 Bf8 26. Bxf8 Kxf8 27. Rc1 Nd6 28. Qa3 Qe7 29. Bf1 Nc4 1/2-1/2

[Event "Belgrade tt Cup"]
[Site "Belgrade"]
[Date "2013.04.20"]
[Round "4"]
[White "Zlatkovic, Mile"]
[Black "Andrejic, Vladica"]
[Result "1/2-1/2"]
[WhiteElo "2124"]
[BlackElo "2209"]
[PlyCount "28"]
[EventDate "2013.04.17"]
[EventType "team-swiss"]
[EventRounds "5"]
[EventCountry "SRB"]
[SourceTitle "EXT 2015"]
[Source "ChessBase"]
[SourceDate "2014.11.20"]
[SourceVersion "1"]
[SourceVersionDate "2014.11.20"]
[SourceQuality "1"]

1. e4 c5 2. Nc3 e6 3. g3 Nc6 4. Bg2 g6 5. d3 Bg7 6. f4 Nge7 7. Nf3 d5 8. e5 0-0 9. 0-0 a6 10. a4 Qc7 11. Ne2 f6 12. exf6 Bxf6 13. c3 d4 14. cxd4 cxd4 1/2-1/2

[Event "Belgrade tt Cup"]
[Site "Belgrade"]
[Date "2013.04.19"]
[Round "3"]
[White "Zlatkovic, Mile"]
[Black "Govedarica, Radovan"]
[Result "0-1"]
[WhiteElo "2124"]
[BlackElo "2410"]
[PlyCount "58"]
[EventDate "2013.04.17"]
[EventType "team-swiss"]
[EventRounds "5"]
[EventCountry "SRB"]
[SourceTitle "EXT 2015"]
[Source "ChessBase"]
[SourceDate "2014.11.20"]
[SourceVersion "1"]
[SourceVersionDate "2014.11.20"]
[SourceQuality "1"]

1. e4 c5 2. Nc3 Nc6 3. g3 g6 4. Bg2 Bg7 5. d3 d6 6. f4 e5 7. Nh3 Nf6 8. Nf2 0-0 9. 0-0 exf4 10. Bxf4 h6 11. Qd2 Kh7 12. a4 Be6 13. Rab1 Rc8 14. b3 Nh5 15. Ne2 Nxf4 16. Nxf4 Nd4 17. Nxe6 Nxe6 18. Nd1 h5 19. Nc3 Qa5 20. b4 cxb4 21. Nd5 Qc5+ 22. Kh1 a5 23. Bh3 Qxc2 24. Qxc2 Rxc2 25. Nb6 Nc5 26. Bg2 Kg8 27. Nc4 Rxc4 28. dxc4 Be5 29. Rf2 Nxa4 0-1

[Event "Belgrade-chT Quality"]
[Site "Belgrade"]
[Date "2012.11.02"]
[Round "11.3"]
[White "Zlatkovic, Mile"]
[Black "Petronic, Sanja"]
[Result "1/2-1/2"]
[WhiteElo "2142"]
[BlackElo "2234"]
[PlyCount "20"]
[EventDate "2012.10.13"]
[EventType "team-tourn"]
[EventRounds "11"]
[EventCountry "SRB"]
[SourceTitle "EXT 2019"]
[Source "ChessBase"]
[SourceDate "2018.10.10"]
[SourceVersion "1"]
[SourceVersionDate "2018.10.10"]
[SourceQuality "1"]

1. e4 e5 2. Nc3 Nc6 3. g3 Nf6 4. Bg2 Be7 5. Nge2 0-0 6. 0-0 d6 7. h3 h6 8. d3 Re8 9. f4 Bf8 10. Kh2 Bd7 1/2-1/2

[Event "Belgrade-chT Quality"]
[Site "Belgrade"]
[Date "2011.10.29"]
[Round "5"]
[White "Dikic, Veljko"]
[Black "Zlatkovic, Mile"]
[Result "1-0"]
[WhiteElo "1878"]
[BlackElo "2144"]
[PlyCount "61"]
[EventDate "2011.10.15"]
[EventType "team-swiss"]
[EventRounds "11"]
[EventCountry "SRB"]
[SourceTitle "EXT 2012"]
[Source "ChessBase"]
[SourceDate "2011.11.24"]
[SourceVersion "1"]
[SourceVersionDate "2011.11.24"]
[SourceQuality "1"]

1. e4 c6 2. d4 d5 3. Nc3 g6 4. h3 Bg7 5. Nf3 e6 6. e5 Nd7 7. Be3 a6 8. Ne2 Ne7 9. Qd2 h6 10. Nf4 Nf5 11. Bd3 Nxe3 12. fxe3 Qe7 13. 0-0 Nf8 14. Rf2 Bd7 15. Raf1 h5 16. h4 Bh6 17. Nh3 Nh7 18. Nfg5 Bxg5 19. Rxf7 Qxf7 20. Rxf7 Kxf7 21. hxg5 Rhg8 22. Qf2+ Ke7 23. Nf4 Be8 24. Nxh5 Rh8 25. Nf6 Rf8 26. Qh4 Nxf6 27. gxf6+ Kd7 28. Qh7+ Rf7 29. Qg8 Kc7 30. Bxg6 Rd7 31. Bxe8 1-0

[Event "Belgrade-chT Quality"]
[Site "Belgrade"]
[Date "2011.10.23"]
[Round "4"]
[White "Radojkovic, Vladica R"]
[Black "Zlatkovic, Mile"]
[Result "0-1"]
[WhiteElo "2005"]
[BlackElo "2144"]
[PlyCount "153"]
[EventDate "2011.10.15"]
[EventType "team-swiss"]
[EventRounds "11"]
[EventCountry "SRB"]
[SourceTitle "EXT 2012"]
[Source "ChessBase"]
[SourceDate "2011.11.24"]
[SourceVersion "1"]
[SourceVersionDate "2011.11.24"]
[SourceQuality "1"]

1. d4 Nf6 2. Bg5 e6 3. e3 Be7 4. Bd3 d5 5. Nd2 c5 6. c3 Nbd7 7. Ngf3 0-0 8. 0-0 Re8 9. Ne5 Nxe5 10. dxe5 Nd7 11. Bf4 f5 12. exf6 Bxf6 13. Bd6 Be7 14. Bg3 Nf6 15. Nf3 Bd6 16. Ne5 Qc7 17. f4 Bd7 18. Bh4 Bxe5 19. fxe5 Qxe5 20. Bxf6 gxf6 21. Qf3 Rf8 22. Rae1 f5 23. Qh5 Qg7 24. Rf3 Rf6 25. Rg3 Rg6 26. Rxg6 hxg6 27. Qg5 c4 28. Bc2 Kf7 29. Rf1 Qf6 30. Qg3 e5 31. e4 f4 32. Qf3 dxe4 33. Qxe4 Bc6 34. Qxc4+ Kg7 35. Be4 Rd8 36. Qe2 Qd6 37. Bxc6 bxc6 38. Re1 Kf6 39. Qf2 Rd7 40. h3 g5 41. Qf3 Qd5 42. Qh5 e4 43. Qh6+ Kf5 44. g4+ Ke5 45. Qxg5+ Ke6 46. Qg6+ Ke7 47. Rxe4+ Kd8 48. Qf6+ Kc8 49. Rxf4 Qd1+ 50. Rf1 Qd5 51. a3 Kb7 52. Qf5 Qd2 53. Rf2 Qd1+ 54. Kg2 Rd5 55. Qc2 Qe1 56. Rf7+ Ka8 57. Rf8+ Kb7 58. Qh7+ Ka6 59. Rf2 Rd1 60. Qc2 Qg1+ 61. Kf3 Rd7 62. Qa4+ Kb6 63. Qb4+ Ka6 64. Qc4+ Kb6 65. Rg2 Qe1 66. g5 Rh7 67. Qb4+ Ka6 68. Qc4+ Kb6 69. Rg3 Qd1+ 70. Kf2 Rd7 71. Re3 Qh1 72. Qg4 Qh2+ 73. Kf1 Qh1+ 74. Ke2 Qh2+ 75. Kf3 Rf7+ 76. Ke4 Qc2+ 77. Rd3 0-1

[Event "Belgrade tt Cup"]
[Site "Belgrade"]
[Date "2011.04.17"]
[Round "5"]
[White "Zlatkovic, Mile"]
[Black "Kalinic, Dusan"]
[Result "1/2-1/2"]
[WhiteElo "2146"]
[BlackElo "1965"]
[PlyCount "67"]
[EventDate "2011.04.13"]
[EventType "team-tourn"]
[EventRounds "5"]
[EventCountry "SRB"]
[SourceTitle "CBM 141 Extra"]
[Source "ChessBase"]
[SourceDate "2011.05.03"]
[SourceVersion "1"]
[SourceVersionDate "2011.05.03"]
[SourceQuality "1"]

1. e4 c5 2. Nc3 Nc6 3. g3 g6 4. Bg2 Bg7 5. d3 d6 6. f4 e6 7. Nf3 Nge7 8. 0-0 0-0 9. h3 Rb8 10. a4 a6 11. Ne2 Nd4 12. c3 Nxf3+ 13. Bxf3 b5 14. axb5 axb5 15. Bg2 b4 16. Bd2 Qb6 17. Rb1 Ba6 18. c4 d5 19. b3 Rfd8 20. Qc2 dxc4 21. dxc4 Nc6 22. e5 Bb7 23. Be3 Nd4 24. Bxd4 cxd4 25. Qd3 f6 26. exf6 Bxf6 27. Kh2 Bxg2 28. Kxg2 Re8 29. Rbe1 Ra8 30. Ng1 e5 31. fxe5 Bxe5 32. Nf3 Bg7 33. Rxe8+ Rxe8 34. Re1 1/2-1/2

[Event "Belgrade tt Cup"]
[Site "Belgrade"]
[Date "2011.04.13"]
[Round "1"]
[White "Jakovljevic, Vladan"]
[Black "Zlatkovic, Mile"]
[Result "1/2-1/2"]
[WhiteElo "2212"]
[BlackElo "2146"]
[PlyCount "131"]
[EventDate "2011.04.13"]
[EventType "team-tourn"]
[EventRounds "5"]
[EventCountry "SRB"]
[SourceTitle "CBM 141 Extra"]
[Source "ChessBase"]
[SourceDate "2011.05.03"]
[SourceVersion "1"]
[SourceVersionDate "2011.05.03"]
[SourceQuality "1"]

1. e4 c6 2. d4 d5 3. exd5 cxd5 4. Bd3 Nf6 5. c3 g6 6. Nf3 Bg7 7. 0-0 0-0 8. Ne5 Nc6 9. f4 Bf5 10. Be2 Bxb1 11. Rxb1 e6 12. Bd3 Qc7 13. Qe2 a6 14. Bd2 Rad8 15. Kh1 Rfe8 16. Be1 Rc8 17. Bh4 Qd6 18. Rbe1 Qc7 19. Qf3 Qd6 20. g4 Nd7 21. Bg3 f5 22. Bh4 Nf6 23. Bxf6 Bxf6 24. Rg1 Bg7 25. Qg3 Nxe5 26. fxe5 Qe7 27. Ref1 Rf8 28. g5 Rc7 29. Rf4 Rb8 30. h4 b5 31. h5 a5 32. Bc2 b4 33. Bb3 Qd7 34. Rh4 a4 35. Bd1 bxc3 36. bxc3 Rbc8 37. Rh3 Qb5 38. Qd3 Qa5 39. Rgg3 Rb8 40. Rg2 Rcb7 41. hxg6 hxg6 42. Bc2 Rb2 43. a3 Rc8 44. Rgh2 Ra2 45. Qg3 Ra1+ 46. Kg2 Qb5 47. Qd3 Qb2 48. Rf3 Rxa3 49. Rhh3 Ra2 50. Rf2 Qc1 51. Rg3 Ra1 52. Rf1 Qxf1+ 53. Qxf1 Rxf1 54. Kxf1 a3 55. Bb3 Rb8 56. c4 Ra8 57. Ba2 dxc4 58. Rc3 Bf8 59. Rxc4 Ra6 60. Rc7 Rb6 61. d5 Rb2 62. dxe6 Rxa2 63. Rc8 Kg7 64. Rc7+ Kg8 65. Rc8 Kg7 66. Rc7+ 1/2-1/2

[Event "SRB-chT quality"]
[Site "Belgrade"]
[Date "2010.10.17"]
[Round "4"]
[White "Zlatkovic, Mile"]
[Black "Markovic, Nikola S"]
[Result "1/2-1/2"]
[WhiteElo "2157"]
[BlackElo "2098"]
[PlyCount "81"]
[EventDate "2010.10.09"]
[EventType "team-tourn"]
[EventRounds "11"]
[EventCountry "YUG"]
[SourceTitle "EXT 2011"]
[Source "ChessBase"]
[SourceDate "2010.11.26"]
[SourceVersion "1"]
[SourceVersionDate "2010.11.26"]
[SourceQuality "1"]

1. e4 c5 2. Nc3 Nc6 3. g3 g6 4. Bg2 Bg7 5. d3 d6 6. f4 e6 7. Nf3 Nge7 8. 0-0 0-0 9. h3 Rb8 10. a4 a6 11. Ne2 b5 12. axb5 axb5 13. g4 f5 14. Ng3 Qb6 15. Kh1 b4 16. Rb1 Ra8 17. Be3 Ra2 18. c3 bxc3 19. bxc3 Qa5 20. exf5 exf5 21. gxf5 Nxf5 22. Nxf5 Bxf5 23. Qb3+ Kh8 24. Ng5 Nd8 25. Qd5 Re2 26. Bg1 Qxc3 27. Rb8 Qf6 28. Bxc5 Ne6 29. Qxd6 Rxb8 30. Qxb8+ Nf8 31. Bd5 h6 32. Bxf8 Qxf8 33. Nf7+ Kh7 34. Qxf8 Bxf8 35. Rf3 Bc5 36. Ne5 g5 37. Ng4 gxf4 38. Rxf4 Bxd3 39. Nf6+ Kg6 40. Be4+ Bxe4+ 41. Nxe4 1/2-1/2